Perspectives on global real estate investment (Record no. 116039)
[ view plain ]
| 000 -LEADER | |
|---|---|
| fixed length control field | 01342cam a22002655a 4500 |
| 001 - CONTROL NUMBER | |
| control field | L159602 |
| 008 - FIXED-LENGTH DATA ELEMENTS--GENERAL INFORMATION | |
| fixed length control field | 150226s2017 xxk f 000 0 eng d |
| 035 ## - SYSTEM CONTROL NUMBER | |
| System control number | (Sirsi) u159602 |
| 041 0# - LANGUAGE CODE | |
| Language code of text/sound track or separate title | eng |
| 050 04 - LIBRARY OF CONGRESS CALL NUMBER | |
| Classification number | 332.6324091 $2 18 |
| 110 2# - MAIN ENTRY--CORPORATE NAME | |
| Corporate name or jurisdiction name as entry element | Royal Institution of Chartered Surveyors |
| 9 (RLIN) | 4900 |
| 245 00 - TITLE STATEMENT | |
| Title | Perspectives on global real estate investment |
| Medium | [electronic resource] |
| 260 ## - PUBLICATION, DISTRIBUTION, ETC. | |
| Place of publication, distribution, etc. | London |
| Name of publisher, distributor, etc. | RICS |
| Date of publication, distribution, etc. | 2017 |
| 490 #0 - SERIES STATEMENT | |
| Series statement | RICS Research |
| 490 #0 - SERIES STATEMENT | |
| Series statement | RICS Insight |
| 520 ## - SUMMARY, ETC. | |
| Summary, etc. | Offers the perspectives of global real estate investors on the theme of risk management. It is based on the insights of the RICS Real Estate Investment Risk Forum (IRF), a network of more than 40 senior investors from many of the world?s largest real estate investment businesses. Four main themes are risk management after the Global Financial Crisis, availability and accuracy of data, the shifting investment landscape, and emerging investment risks. |
| 590 ## - LOCAL NOTE (RLIN) | |
| Local note | KA |
| 650 24 - SUBJECT ADDED ENTRY--TOPICAL TERM | |
| Topical term or geographic name entry element | REAL ESTATE INVESTMENT |
| 650 24 - SUBJECT ADDED ENTRY--TOPICAL TERM | |
| Topical term or geographic name entry element | RISK MANAGEMENT |
| 651 #4 - SUBJECT ADDED ENTRY--GEOGRAPHIC NAME | |
| Geographic name | International |
| 690 ## - LOCAL SUBJECT ADDED ENTRY--TOPICAL TERM (OCLC, RLIN) | |
| Topical term or geographic name as entry element | Investments |
| 9 (RLIN) | 6250 |
| 690 ## - LOCAL SUBJECT ADDED ENTRY--TOPICAL TERM (OCLC, RLIN) | |
| Topical term or geographic name as entry element | Commercial property |
| 9 (RLIN) | 6227 |
| 856 40 - ELECTRONIC LOCATION AND ACCESS | |
| Uniform Resource Identifier | <a href="https://www.rics.org/globalassets/rics-website/media/knowledge/research/insights/perspectives-on-global-real-estate-investment-rics.pdf">https://www.rics.org/globalassets/rics-website/media/knowledge/research/insights/perspectives-on-global-real-estate-investment-rics.pdf</a> |
| Public note | View the report free of charge at www.rics.org |
| 942 ## - ADDED ENTRY ELEMENTS (KOHA) | |
| Suppress in OPAC | 0 |
| Withdrawn status | Lost status | Source of classification or shelving scheme | Damaged status | Not for loan | Home library | Current library | Shelving location | Date acquired | Total Checkouts | Full call number | Barcode | Date last seen | Copy number | Price effective from | Koha item type |
|---|---|---|---|---|---|---|---|---|---|---|---|---|---|---|---|
| Dewey Decimal Classification | Virtual | Virtual | Online | 18/10/2017 | ONLINE PUBLICATION | 159602-2001 | 06/08/2019 | 1 | 06/08/2019 | Book |